[Event "HUN-chT9899"]
[Site "HUN"]
[Date "1998.??.??"]
[Round "?"]
[White "Lorincz, Istvan"]
[Black "Goczo, Melinda"]
[Result "1-0"]
[WhiteElo "2350"]
[BlackElo "2185"]

1.d4 Nf6 2.Nf3 e6 3.c4 b6 4.a3 Bb7 5.Nc3 d5 6.Bg5 Be7 7.e3 O-O 8.Rc1 Nbd7
9.cxd5 exd5 10.Bd3 Ne4 11.Bf4 Bd6 12.Bxd6 Nxd6 13.Qb3 Nf6 14.O-O Qe7 15.Qa4 c5
16.dxc5 bxc5 17.Ba6 Nde4 18.Nxe4 dxe4 19.Nd2 Rfd8 20.Bxb7 Qxb7 21.Nc4 h6
22.h3 Rd3 23.Qa5 Qd5 24.a4 Nd7 25.Qc7 Nb6 26.Nxb6 axb6 27.Qxb6 c4 28.Qb5 Rc8
29.a5 Rb3 30.Qxb3 cxb3 31.Rxc8+ Kh7 32.Ra1 Qd2 33.a6 Qxb2 34.Rcc1 Qd2 35.a7 b2
36.Rf1  1-0

[Event "HUN-chT 9798"]
[Site "Hungary"]
[Date "1998.??.??"]
[Round "?"]
[White "Zimmerman, Yuri"]
[Black "Kiss, Attila"]
[Result "1-0"]
[WhiteElo "2410"]
[BlackElo "2425"]

1.d4 Nf6 2.c4 e6 3.Nf3 b6 4.a3 Bb7 5.Nc3 g6 6.Qd3 Bg7 7.e4 d5 8.cxd5 exd5
9.e5 Ne4 10.Be2 O-O 11.O-O Nd7 12.Be3 c5 13.Rad1 Rc8 14.Qb1 Qe7 15.dxc5 Nxc3
16.bxc3 Nxc5 17.Bd4 Rc7 18.Rc1 Rfc8 19.Rfe1 Ne4 20.Qb3 Bf8 21.Bf1 Nc5 22.Qb4 Qd7
23.Qb2 Ne6 24.Bb5 Bc6 25.a4 Bc5 26.Rcd1 Bxb5 27.Qxb5 Qxb5 28.axb5 Bxd4 29.Nxd4 Rxc3
30.Nc6 Kf8 31.Nxa7 R8c5 32.g3 d4 33.Nc6 R3c4 34.Rb1 d3 35.Red1 Rd5 36.Nb4 Rxb5
37.Nxd3 Rxb1 38.Rxb1 Rc6 39.f4 Nc5 40.Nb4 Rc8 41.Nd5 Nd7 42.Nxb6 Nxb6 43.Rxb6 Rc1+
44.Kg2 Rc2+ 45.Kh3 h5 46.Rb7 Re2 47.Rb1 Kg7 48.Ra1 Rf2 49.Ra6 Re2 50.Rb6 Rf2
51.Rf6 Re2 52.Ra6 Rf2 53.Ra7 Re2 54.Rb7 Kf8 55.Kh4 Rxh2+ 56.Kg5 Ra2 57.e6 Ra5+
58.Kh6 fxe6 59.Kxg6 Ra3 60.Kf6 Ke8 61.Rg7 Re3 62.Rg5 Kd7 63.Kg6 Ke7 64.Kxh5 Kf6
65.Kg4 Ra3 66.Rb5 Rc3 67.Ra5 Rb3 68.Ra6 Rc3 69.Kh4 Rf3 70.Ra4 Rb3 71.Ra5 Rc3
72.g4 Rc1 73.g5+ Kf7 74.Re5 Rh1+ 75.Kg4 Rg1+ 76.Kf3 Rf1+ 77.Kg3 Rg1+ 78.Kf2 Ra1
79.Re3 Rb1 80.Kf3 Rb4 81.Ra3 Rc4 82.Ra7+ Kf8 83.g6 Rc1 84.Kg4 Rg1+  1-0

[Event "Pan American-chJ"]
[Site "Isla Margarita"]
[Date "1998.??.??"]
[Round "?"]
[White "Vescovi, Giovanni"]
[Black "Salazar, Juan Fernand"]
[Result "1-0"]
[WhiteElo "2480"]
[BlackElo "2090"]

1.d4 Nf6 2.c4 e6 3.Nf3 b6 4.a3 Bb7 5.Nc3 d5 6.cxd5 Nxd5 7.e3 g6 8.Bb5+ c6
9.Bd3 Bg7 10.h4 h5 11.Na4 Nd7 12.e4 Ne7 13.Bf4 O-O 14.O-O Rc8 15.Qe2 Nf6
16.Rad1 Ng4 17.Bc4 Qd7 18.Nc3 Rfd8 19.Rd2 Kh8 20.Rfd1 Qe8 21.Ng5 Nh6 22.f3 Neg8
23.Qe3 Rd7 24.Ne2 Rcd8 25.b4 Qe7 26.Bg3 Qe8 27.b5 Ne7 28.Bf4 Nhg8 29.Qb3 Nc8
30.bxc6 Bxc6 31.d5 exd5 32.exd5 b5 33.dxc6 Rxd2 34.Nxf7+ Kh7 35.Ng5+ Kh8
36.Rxd2 bxc4 37.Rxd8 cxb3 38.Rxe8 b2 39.Nf7+ Kh7 40.Ng5+ Kh8 41.Rxc8 b1=Q+
42.Kh2 Qb5 43.c7  1-0

[Event "Heart of Finland op"]
[Site "Jyvaskyla"]
[Date "1998.??.??"]
[Round "?"]
[White "Yrjola, Jouni"]
[Black "Tsiganova, Monika"]
[Result "1-0"]
[WhiteElo "2410"]
[BlackElo "2305"]

1.d4 Nf6 2.c4 e6 3.Nf3 b6 4.a3 d5 5.cxd5 exd5 6.Nc3 Bb7 7.g3 a6 8.Bg2 Bd6
9.Ne5 Nbd7 10.Nc4 Nf8 11.Nxd6+ Qxd6 12.Bf4 Qd7 13.Be5 Qe7 14.Bxf6 Qxf6 15.Nxd5 Bxd5
16.Bxd5 Rd8 17.Qb3 Ne6 18.e3 O-O 19.O-O Ng5 20.f4 Qf5 21.Bg2 Ne4 22.Qd3 Rfe8
23.Qxa6 Nd2 24.Rfe1 Nb3 25.Rad1 Qc2 26.Qd3 Nxd4 27.Qxc2 Nxc2 28.Rxd8 Rxd8
29.Re2 Na1 30.b4 c5 31.bxc5 bxc5 32.a4 c4 33.Ra2 Rd1+ 34.Kf2 c3 35.Be4 c2
36.Bxc2 Rd2+ 37.Ke1 Rxh2 38.Kd1 Kf8 39.Kc1 Nxc2 40.Rxc2 Rh6 41.Kb2 Ra6 42.Kb3 h5
43.e4 Rb6+ 44.Kc4 Rc6+ 45.Kb3 Rb6+ 46.Ka3 Rd6 47.a5 Rd4 48.Ra2 Rxe4 49.a6 Re8
50.Kb4  1-0

[Event "Klatovy op-A"]
[Site "Klatovy"]
[Date "1998.??.??"]
[Round "?"]
[White "Tupy, Martin"]
[Black "Miskovsky, Pavel"]
[Result "0-1"]
[WhiteElo "2180"]
[BlackElo "2150"]

1.d4 Nf6 2.c4 e6 3.Nf3 b6 4.a3 Bb7 5.Nc3 Be7 6.d5 d6 7.e4 e5 8.Bd3 Nbd7 9.b4 a5
10.Bb2 O-O 11.h3 Ne8 12.g4 g6 13.Ne2 Ng7 14.Ng3 Bh4 15.Rg1 Bxg3 16.Rxg3 Qe7
17.Kd2 axb4 18.axb4 Rxa1 19.Qxa1 Ra8 20.Qb1 c6 21.Rg1 Ne8 22.Qc2 Nf8 23.Ke2 Rc8
24.Qd2 f6 25.Qe3 c5 26.b5 g5 27.h4 Ng6 28.Kd2 Nf4 29.Bc2 h6 30.Ne1 Ra8 31.Ng2 Ra2
32.Qb3 Ra7 33.Nxf4 gxf4 34.f3 Qg7 35.Qd3 Bc8 36.Qe2 Ra2 37.Kc1 Kf8 38.Bb3 Ra7
39.Kc2 f5  0-1

[Event "RUS-ch U18"]
[Site "Kolontaevo"]
[Date "1998.??.??"]
[Round "?"]
[White "Riazantsev, Alexander"]
[Black "Kosyrev, Vladimir"]
[Result "0-1"]
[WhiteElo "2290"]
[BlackElo "2405"]

1.d4 Nf6 2.c4 e6 3.Nf3 b6 4.a3 Ba6 5.Qc2 d5 6.cxd5 exd5 7.g3 Bd6 8.Bg2 O-O
9.O-O Nbd7 10.Nc3 c6 11.Re1 h6 12.Nh4 Re8 13.Nf5 Bc7 14.Bd2 Bb7 15.e4 dxe4
16.Nxe4 Nf8 17.Bb4 Nd5 18.Bd2 Ne6 19.Rad1 Qd7 20.Nc3 Rac8 21.Nxd5 cxd5 22.Qd3 Bb8
23.Qf3 f6 24.Bxh6 gxh6 25.Nxh6+  0-1

[Event "RUS-Cup"]
[Site "Krasnodar"]
[Date "1998.??.??"]
[Round "9"]
[White "Riazantsev, Alexander"]
[Black "Kharitonov, Andrei Y"]
[Result "0-1"]
[WhiteElo "2290"]
[BlackElo "2585"]

1.d4 Nf6 2.c4 e6 3.Nf3 b6 4.a3 c5 5.d5 Ba6 6.Qc2 Qe7 7.Bg5 exd5 8.cxd5 Qe4
9.Qxe4+ Nxe4 10.Nc3 Nxg5 11.Nxg5 Be7 12.Nf3 d6 13.e4 Bxf1 14.Rxf1 Nd7 15.O-O-O a6
16.Rfe1 Bf6 17.Nd2 b5 18.f4 O-O 19.Nf3 Rfe8 20.Re2 Kf8 21.Rde1 Bxc3 22.bxc3 Nb6
23.Nd2 f5 24.Kc2 Ra7 25.exf5 Rxe2 26.Rxe2 Nxd5 27.Re6 Nxf4 28.Rxd6 Nxg2 29.f6 gxf6
30.Rxf6+ Kg7 31.Rc6 c4 32.Ne4 Ne1+ 33.Kd1 Nf3 34.Nc5 Re7 35.Rxa6 Re1+ 36.Kc2 Re2+
37.Kc1 Rxh2 38.a4 bxa4 39.Rxa4 Ne5 40.Ra6 h5 41.Ne6+ Kg8 42.Nf4 h4 43.Re6 Nd3+
44.Nxd3 cxd3 45.Re3 d2+ 46.Kd1 h3 47.c4 Rh1+ 48.Kxd2 h2 49.Rh3 Ra1  0-1

[Event "Kstovo"]
[Site "Kstovo"]
[Date "1998.??.??"]
[Round "8"]
[White "Zagrebelny, Sergey"]
[Black "Brodsky, Michail"]
[Result "1-0"]
[WhiteElo "2485"]
[BlackElo "2545"]

1.d4 Nf6 2.c4 e6 3.Nf3 b6 4.a3 Bb7 5.Nc3 d5 6.cxd5 Nxd5 7.Qc2 Nxc3 8.Qxc3 Nd7
9.Bg5 Be7 10.Bxe7 Kxe7 11.g3 Nf6 12.Bg2 Qd6 13.O-O Rad8 14.Ne5 Bxg2 15.Kxg2 c5
16.dxc5 bxc5 17.b4 Ne4 18.Qb2 f6 19.Nf3 Qd5 20.bxc5 Nxc5 21.Rac1 Qb3 22.Qa1 Qb6
23.Rc4 Rd7 24.Rb1 Qd6 25.Qc3 Nb7 26.Rc6 Qd5 27.e4  1-0

[Event "POR-chT2"]
[Site "Lisbon"]
[Date "1998.??.??"]
[Round "?"]
[White "Costa, Paulo"]
[Black "Fernandes, Alberto"]
[Result "1-0"]
[WhiteElo "2140"]
[BlackElo "2200"]

1.d4 Nf6 2.c4 e6 3.Nf3 b6 4.a3 Bb7 5.Nc3 Be7 6.g3 d5 7.Qa4+ c6 8.Bg5 O-O
9.Bg2 Nbd7 10.cxd5 exd5 11.Bxf6 Bxf6 12.Bh3 Re8 13.Nxd5 b5 14.Nxf6+ Qxf6
15.Qb3 Rad8 16.Rd1 c5 17.d5 Nb6 18.O-O Rxe2 19.Qxb5 Qxf3 20.Bg2 Qf6 21.Qxe2  1-0

[Event "RUS-Cup02"]
[Site "Moscow"]
[Date "1998.??.??"]
[Round "4"]
[White "Riazantsev, Alexander"]
[Black "Mitenkov, Alexey"]
[Result "1/2-1/2"]
[WhiteElo "2290"]
[BlackElo "2435"]

1.d4 Nf6 2.c4 e6 3.Nf3 b6 4.a3 c5 5.d5 Ba6 6.Qc2 exd5 7.cxd5 g6 8.Nc3 Bg7
9.g3 O-O 10.Bg2 d6 11.O-O Re8 12.Re1 Nbd7 13.Bf4 Qe7 14.Qa4 Bb7 15.Nb5 Nxd5
16.Nxd6 Bxb2 17.Nxb7 Bxa1 18.Rxa1 Nc3 19.Qc4 Nxe2+ 20.Kh1 Nxf4 21.Qxf4 Qf6
22.Qxf6 Nxf6 23.Nd6 Re7 24.Ne5 Rf8 25.f4 Kg7 26.Bc6 Rd8 27.Ndc4 Rd4 28.a4 Re6
29.Bf3 Nd7 30.Nxd7 Rxd7 31.Bg4 f5 32.Bf3 Rd4 33.Rc1 h6 34.h4 g5 35.hxg5 hxg5
36.fxg5 Kg6 37.Kg2 Kxg5 38.Kf2 a6 39.Rc2 b5 40.axb5 axb5 41.Na3 b4 42.Nb5 Rd3
43.Rxc5 b3 44.Nc3 Kh6 45.Nb1  1/2-1/2

[Event "RUS-Cup02"]
[Site "Moscow"]
[Date "1998.??.??"]
[Round "7"]
[White "Umanskaya, Irina"]
[Black "Demianjuk, Alexander"]
[Result "1/2-1/2"]
[WhiteElo "2325"]
[BlackElo "2215"]

1.d4 Nf6 2.c4 e6 3.Nf3 b6 4.a3 Bb7 5.Nc3 d5 6.Qc2 c5 7.cxd5 Nxd5 8.Bg5 Be7
9.Bxe7 Qxe7 10.Nxd5 exd5 11.e3 O-O 12.Bd3 h6 13.dxc5 bxc5 14.O-O Rd8 15.Rac1 Ba6
16.Rfd1 Bxd3 17.Rxd3 c4 18.Rd2 Nc6 19.Rcd1 Qc5 20.b4 Qb5 21.Qf5 Ne7 22.Qe5 Nc6
23.Qf5 Ne7 24.Qe5 Nc6 25.Qf5  1/2-1/2

[Event "EU-ch U16"]
[Site "Murek"]
[Date "1998.??.??"]
[Round "9"]
[White "Krupenski, Juri"]
[Black "Streikus, Simonas"]
[Result "1-0"]
[WhiteElo "2130"]
[BlackElo "2205"]

1.d4 Nf6 2.c4 e6 3.Nf3 b6 4.a3 Ba6 5.Qc2 c5 6.Bg5 Be7 7.e4 d5 8.e5 Nfd7 9.Bxe7 Qxe7
10.cxd5 exd5 11.Nc3 Bb7 12.Nb5 O-O 13.Nd6 Ba6 14.Nf5 Qd8 15.Bxa6 Nxa6 16.h4 Re8
17.Ng5 Nf8 18.Qe2 cxd4 19.f4 Qd7 20.Nxg7 Kxg7 21.Qxa6 h6 22.Nf3 Qf5 23.O-O Ne6
24.Rad1 Qxf4 25.Qd3 Rac8 26.Rde1 Qg4 27.Nh2 Qg6 28.Qf3 h5 29.Qxd5 Red8 30.Qf3 Rc2
31.Qh3 Kh7 32.Rf6 Qg7 33.Qf5+  1-0

[Event "CERA Bank op"]
[Site "NED"]
[Date "1998.??.??"]
[Round "?"]
[White "Khenkin, Igor"]
[Black "Epishin, Vladimir"]
[Result "1-0"]
[WhiteElo "2565"]
[BlackElo "2590"]

1.d4 Nf6 2.c4 e6 3.Nf3 b6 4.a3 Bb7 5.Nc3 d5 6.cxd5 Nxd5 7.e3 g6 8.Bb5+ c6
9.Ba4 Bg7 10.O-O O-O 11.e4 Nxc3 12.bxc3 c5 13.Re1 Nc6 14.Bg5 Qd6 15.e5 Qc7
16.Qd2 Ne7 17.Rad1 Rad8 18.h4 cxd4 19.cxd4 Nf5 20.Rc1 Qb8 21.g4 Nh6 22.Nh2 Qa8
23.Bxh6 Bxh6 24.Qxh6 Rxd4 25.Bd1 Qd8 26.Bf3 Bxf3 27.Nxf3 Rxg4+ 28.Kh2 f6
29.Kh3 Ra4 30.Re3 fxe5 31.Ng5 Qd7 32.Rec3 Raf4 33.f3 Qb7 34.Kg3 R4f5 35.Rc6 b5
36.R1c3 e4 37.Rc7 Rxg5+ 38.hxg5 Rxf3+ 39.Kg4  1-0

[Event "Ostrava IM"]
[Site "Ostrava"]
[Date "1998.??.??"]
[Round "?"]
[White "Chekurov, Vyacheslav"]
[Black "Korneevets, Alexander"]
[Result "1/2-1/2"]
[WhiteElo "2405"]
[BlackElo "2410"]

1.d4 Nf6 2.c4 e6 3.Nf3 b6 4.a3 Bb7 5.Nc3 Be7 6.Bg5 d5 7.e3 Nbd7 8.Rc1 O-O
9.Bd3 c5 10.cxd5 exd5 11.O-O h6  1/2-1/2

[Event "Pardubice Czech op"]
[Site "Pardubice"]
[Date "1998.??.??"]
[Round "8"]
[White "Tihonov, Jurij"]
[Black "Scavo, Fernando"]
[Result "1/2-1/2"]
[WhiteElo "2400"]
[BlackElo "2255"]

1.d4 e6 2.c4 Nf6 3.Nf3 b6 4.a3 Ba6 5.Nbd2 Bb7 6.b4 d6 7.e3 c5 8.Bb2 Nbd7
9.dxc5 dxc5 10.b5 Qc7 11.Qc2 Bd6 12.a4 Ne5 13.Be2 O-O 14.Ng5 h6 15.Nge4 Nxe4
16.Nxe4 Be7 17.O-O Nd7 18.Rad1 f5 19.Ng3 Nf6 20.Bc3 Rad8 21.a5 Rxd1 22.Rxd1 Rd8
23.a6 Ba8 24.f4 Ne4 25.Be5 Bd6 26.Ba1 Nxg3 27.hxg3 Be4 28.Bd3 Bxd3 29.Rxd3 Be7
30.Be5 Qc8 31.Qd1 Rxd3 32.Qxd3 Kf7 33.Kf2 g6 34.Ke2 h5 35.e4 Qa8 36.Ke3 Qd8
37.Qc3 Qd1 38.Kf2 h4 39.exf5 exf5 40.gxh4 Bxh4+ 41.g3 Be7 42.Bh8 Ke8  1/2-1/2

[Event "Paris op"]
[Site "Paris"]
[Date "1998.??.??"]
[Round "5"]
[White "Troffiguer, Olivier"]
[Black "Charmeaux, Philippe"]
[Result "1-0"]
[WhiteElo "2160"]
[BlackElo "2080"]

1.d4 Nf6 2.Nf3 e6 3.c4 b6 4.a3 Ba6 5.Qc2 c6 6.e4 d5 7.Nbd2 Be7 8.cxd5 Bxf1
9.Nxf1 cxd5 10.e5 Ne4 11.Ng3 Nxg3 12.hxg3 h6 13.Bd2 O-O 14.Bxh6 Qc8 15.Qb1 g6
16.Bxf8 Bxf8 17.Qc1 Nc6 18.O-O Qb7 19.b3 Rc8 20.Qb2 Bh6 21.g4 Qe7 22.g3 Kg7
23.Kg2 Na5 24.Rh1 Rc6 25.Rxh6 Kxh6 26.Rh1+ Kg7 27.Qd2 g5 28.Qd3  1-0

[Event "HUN-ch op"]
[Site "Pecs"]
[Date "1998.??.??"]
[Round "6"]
[White "Csiszar, Csaba"]
[Black "Kragelj, Igor"]
[Result "1/2-1/2"]
[WhiteElo "2410"]
[BlackElo "2310"]

1.d4 Nf6 2.c4 e6 3.Nf3 b6 4.a3 Bb7 5.Nc3 d5 6.Bg5 Be7 7.e3 O-O 8.Rc1 Nbd7
9.Be2 c5 10.O-O h6 11.Bh4 dxc4 12.Bxc4 Ne4 13.Bxe7 Qxe7 14.Re1 Rfd8 15.Qe2 Ndf6  1/2-1/2

[Event "Ptuj"]
[Site "Ptuj"]
[Date "1998.??.??"]
[Round "?"]
[White "Maksimenko, Andrei"]
[Black "Roskar, Robert"]
[Result "1-0"]
[WhiteElo "2500"]
[BlackElo "2270"]

1.d4 Nf6 2.c4 e6 3.Nf3 b6 4.a3 Bb7 5.Nc3 d5 6.cxd5 Nxd5 7.Qc2 Nxc3 8.bxc3 Be7
9.e4 O-O 10.Bd3 c5 11.O-O cxd4 12.cxd4 Ba6 13.Bxa6 Nxa6 14.Rd1 Qc8 15.Qe2 Nc7
16.Bf4 Qa6 17.Rd3 Qb7 18.Rad1 Nb5 19.a4 Nc7 20.d5 exd5 21.exd5 Bf6 22.Ng5 Rfe8
23.Ne4 Be5 24.Qf3 Bxf4 25.Qxf4 Na6 26.Nf6+ Kh8 27.Rh3  1-0

[Event "Regensburg op"]
[Site "Regensburg"]
[Date "1998.??.??"]
[Round "4"]
[White "Handke, Harald"]
[Black "Jauernig, Udo"]
[Result "0-1"]
[WhiteElo "2255"]
[BlackElo "2245"]

1.d4 e6 2.c4 Nf6 3.Nf3 b6 4.a3 Ba6 5.Qc2 Bb7 6.Nc3 c5 7.e3 Be7 8.Be2 O-O
9.O-O cxd4 10.exd4 d6 11.b4 Nbd7 12.Bb2 Rc8 13.Qd3 Ba6 14.Nb5 d5 15.c5 bxc5
16.dxc5 Nxc5 17.bxc5 Bxb5 18.Qe3 Bxc5 19.Qe5 Bxe2 20.Qxe2 Ne4 21.Ne5 Bb6
22.a4 f6 23.Nd3 Re8 24.Kh1 Qc7 25.Rac1 Qd7 26.f3 Nc5 27.Nf4 e5 28.Nh5 Nxa4
29.Ba1 Rxc1 30.Rxc1 Rc8  0-1

[Event "Regensburg op"]
[Site "Regensburg"]
[Date "1998.??.??"]
[Round "7"]
[White "Wells, Peter K"]
[Black "Froehlich, Peter"]
[Result "1-0"]
[WhiteElo "2530"]
[BlackElo "2270"]

1.d4 Nf6 2.c4 e6 3.Nf3 b6 4.a3 Bb7 5.Nc3 d5 6.Bg5 Be7 7.Qa4+ c6 8.Bxf6 Bxf6
9.cxd5 exd5 10.g3 O-O 11.Bg2 Na6 12.O-O Re8 13.Rfd1 Qc8 14.Rac1 Qf5 15.e3 Nc7
16.b4 a6 17.Qb3 Rad8 18.Na4 Na8 19.Nb2 Rd6 20.Nd3 Bd8 21.a4 Nc7 22.Rc3 Kf8
23.Rdc1 f6 24.h4 h6 25.Qd1 g5 26.hxg5 hxg5 27.Nd2 Kg7 28.g4 Qh7 29.Nf1 Rh8
30.Ng3 Qh2+ 31.Kf1 Kf8 32.Qf3 Rd7 33.Ne5 Ke8 34.Nxd7 Kxd7 35.Qf5+ Ne6 36.Rxc6 Bxc6
37.Rxc6 Kxc6 38.Qxd5+ Kc7 39.Qb7+ Kd6 40.Nf5+  1-0

[Event "ISL-chT9899"]
[Site "Reykjavik"]
[Date "1998.??.??"]
[Round "?"]
[White "Olafsson, Helgi"]
[Black "Gunnarsson, Gunnar K"]
[Result "1-0"]
[WhiteElo "2498"]
[BlackElo "2290"]

1.d4 Nf6 2.c4 e6 3.Nf3 b6 4.a3 Bb7 5.Nc3 d5 6.cxd5 Nxd5 7.e3 Nd7 8.Bd3 Be7
9.e4 Nxc3 10.bxc3 O-O 11.O-O c5 12.Bf4 cxd4 13.cxd4 Nf6 14.Re1 h6 15.Qb3 Nh7
16.Rad1 Bd6 17.Bc1 Re8 18.Bb2 Rc8 19.Ne5 Nf6 20.h3 a6 21.Nc4 b5 22.Nxd6 Qxd6
23.Re3 Bc6 24.d5 Bb7 25.a4 Nd7 26.axb5 Nc5 27.Qc3 f6 28.e5 fxe5 29.Bg6 Re7
30.Qxe5 Qxe5 31.Rxe5 axb5 32.dxe6 Rxe6 33.Rxc5 Rxg6 34.Rxc8+  1-0

[Event "BRA-ch"]
[Site "Rio de Janeiro"]
[Date "1998.??.??"]
[Round "4"]
[White "Rocha, Wellington Carlos"]
[Black "Leitao, Rafael"]
[Result "0-1"]
[WhiteElo "2325"]
[BlackElo "2515"]

1.d4 Nf6 2.c4 e6 3.Nf3 b6 4.a3 c5 5.Nc3 cxd4 6.Nxd4 Bb7 7.f3 Nc6 8.e4 Nxd4
9.Qxd4 Bc5 10.Qd3 d5 11.cxd5 exd5 12.b4 Bd6 13.Qb5+ Kf8 14.Bb2 dxe4 15.O-O-O exf3
16.Kb1 fxg2 17.Bxg2 Bxg2 18.Rhg1 Bb7 19.Rxg7 Kxg7 20.Qg5+ Kf8 21.Qh6+ Ke8
22.Nb5 Be4+ 23.Ka1 Be7 24.Rxd8+ Rxd8 25.Bxf6 Rd1+ 26.Kb2 Rg8 27.Bxe7 Rg2+
28.Kb3 Bc2+ 29.Kc4 Kxe7 30.Qh4+ Kf8 31.Nc3 Bd3+ 32.Kb3 Bc2+ 33.Kc4 Rd6 34.Nd5 Re2
35.Nf6 Rde6 36.Qd4 R2e4  0-1

[Event "BRA-ch"]
[Site "Rio de Janeiro"]
[Date "1998.??.??"]
[Round "7"]
[White "Vescovi, Giovanni"]
[Black "Dos Santos, Francisco Jose"]
[Result "1-0"]
[WhiteElo "2480"]
[BlackElo "2185"]

1.d4 Nf6 2.c4 e6 3.Nf3 b6 4.a3 Bb7 5.Nc3 Be7 6.d5 exd5 7.cxd5 d6 8.e4 O-O
9.Bc4 Nfd7 10.Nd4 Bf6 11.O-O a6 12.Be3 b5 13.Ba2 Nb6 14.Rc1 N8d7 15.Qe2 Ne5
16.Rcd1 Qd7 17.Bc1 Qg4 18.Qxg4 Nxg4 19.f4 Rfe8 20.h3 Bxd4+ 21.Rxd4 Nf6 22.g4 Nfd7
23.Bb1 Nc5 24.Bc2 Re7 25.Kf2 a5 26.Re1 Ba6 27.b4 Nb7 28.Bd3 axb4 29.axb4 Nd8
30.Be3 Na4 31.Nxa4 bxa4 32.b5 Bc8 33.Ra1 a3 34.Rc4 h5 35.gxh5 Bxh3 36.Bd4 f6
37.Rc3 Nf7 38.Rcxa3 Rxa3 39.Rxa3 Nh6 40.Ra8+ Kf7 41.Kg3 Bg4 42.e5 fxe5 43.Bg6+ Kf6
44.Rf8+ Nf7 45.fxe5+ dxe5 46.Bc5  1-0

[Event "Santiago Esucomex op"]
[Site "Santiago"]
[Date "1998.??.??"]
[Round "3"]
[White "Minzer, Claudio Javier"]
[Black "Arias, Eladio"]
[Result "1-0"]
[WhiteElo "2380"]
[BlackElo "2185"]

1.d4 Nf6 2.c4 e6 3.Nf3 b6 4.a3 Bb7 5.Nc3 Be7 6.d5 O-O 7.e4 exd5 8.cxd5 d6
9.Bd3 Nbd7 10.O-O Ng4 11.Nd4 Bf6 12.Be2 Bxd4 13.Qxd4 Qh4 14.h3 Nge5 15.f4 Ng6
16.Be3 f5 17.exf5 Ne7 18.Bf2 Nxf5 19.Qd2 Ng3 20.Bxg3 Qxg3 21.Bg4 Nc5 22.b4 Nb3
23.Be6+ Kh8 24.Qe1 Qg6 25.Rd1 c5 26.Ne4 Rad8 27.f5 Qh6 28.Qg3 Nd4 29.Rde1 Nc2
30.Re2 Nd4 31.Ref2 Ba6 32.Re1 Qh5 33.Qe3 h6 34.g4 Qh4 35.Kh2 Bb5 36.Ng3 Be8
37.Rd1 Qf6 38.Rfd2 Ba4 39.Rf1 Bb5 40.Rff2 Rde8 41.Nh5 Qh4 42.Nf4 Kh7 43.Ng6 Qf6
44.Nxf8+ Rxf8 45.Qf4 Qe5 46.bxc5 bxc5 47.Rb2 Nf3+ 48.Kg3 Nd4 49.Qxe5 dxe5
50.Rfd2 Ba6 51.Rd1 g6 52.d6 c4 53.Rc1 c3 54.Rxc3 Ne2+ 55.Rxe2 Bxe2 56.Rc7+ Kh8
57.fxg6  1-0

[Event "ECI IMJ 25th"]
[Site "Sas Van Gent"]
[Date "1998.??.??"]
[Round "1"]
[White "Vanderstricht, Geert"]
[Black "Janssen, Ruud"]
[Result "0-1"]
[WhiteElo "2355"]
[BlackElo "2345"]

1.d4 Nf6 2.Nf3 e6 3.c4 b6 4.a3 Ba6 5.Qc2 c5 6.d5 exd5 7.cxd5 g6 8.Nc3 Bg7
9.g3 O-O 10.Bg2 d6 11.O-O Re8 12.Bf4 Qe7 13.Rfe1 Nbd7 14.e4 Ng4 15.Bg5 f6
16.Bf4 Nge5 17.Nxe5 Nxe5 18.Rad1 Qd7 19.Bc1 c4 20.Rf1 Nd3 21.Be3 f5 22.Bh3 Bxc3
23.bxc3 Rxe4 24.Bg2 Re7 25.Bg5 Ree8 26.h4 Bb7 27.h5 Qf7 28.Rxd3 cxd3 29.Qxd3 Rac8
30.h6 Qc7 31.Bf6 Qc4 32.Qd1 Kf7 33.Bg7 Ke7 34.Re1+ Kd7 35.Re6 Ba8 36.Rf6 Kc7
37.Qd2 Rcd8 38.a4 Re2 39.Rf7+ Rd7 40.Rxd7+ Kxd7 41.Qd1 Ra2 42.Bf6 Qe2 43.Qd4 Rd2
44.Bf1 Qe1  0-1

[Event "ECI IMJ 25th"]
[Site "Sas Van Gent"]
[Date "1998.??.??"]
[Round "8"]
[White "Goormachtigh, Johan"]
[Black "Janssen, Ruud"]
[Result "1/2-1/2"]
[WhiteElo "2280"]
[BlackElo "2345"]

1.d4 Nf6 2.c4 e6 3.Nf3 b6 4.a3 Bb7 5.Nc3 g6 6.Bf4 Bg7 7.e3 O-O 8.h3 d6 9.Be2 Nbd7
10.O-O Ne4 11.Nxe4 Bxe4 12.Bh2 Qe7 13.b4 e5 14.Rc1 a5 15.Nd2  1/2-1/2

[Event "Seefeld op 9th"]
[Site "Seefeld"]
[Date "1998.??.??"]
[Round "5"]
[White "Martin, Andreas"]
[Black "Goldstern, Flip"]
[Result "0-1"]
[WhiteElo "2215"]
[BlackElo "2350"]

1.d4 Nf6 2.Nf3 e6 3.c4 b6 4.a3 Ba6 5.Nbd2 Bb7 6.e3 c5 7.Be2 Be7 8.O-O O-O
9.b3 d6 10.Bb2 Nbd7 11.b4 Qc7 12.Qb3 Rac8 13.Rab1 Qb8 14.Rfd1 Rfd8 15.a4 Qa8
16.a5 cxd4 17.exd4 bxa5 18.bxa5 Ba6 19.Bf1 Qb8 20.Qe3 Qc7 21.Ba3 Bf8 22.Ra1 Nb8
23.Rdc1 Qd7 24.g3 Re8 25.Bh3 Qc7 26.Bb2 Nbd7 27.Nh4 Rb8 28.Ra2 Rb4 29.Bf1 Reb8
30.Ba3 Qxa5 31.Rca1 Ra4 32.Nb3 Qb6 33.Bc5 dxc5 34.Rxa4 Bc8 35.Nxc5 Nxc5 36.dxc5 Bxc5
37.Qe2 e5 38.Bg2 Bd4 39.Rf1 Bg4 40.Bf3 Bh3 41.Bg2 Bd7 42.Ra2 e4 43.c5 Qxc5
44.Rc2 Qe5 45.Bxe4 Qxe4 46.Qxe4 Nxe4 47.Rc4 Nc3 48.Rd1 Nxd1 49.Rxd4 Rb1 50.Kg2 Bc6+
51.f3 g6  0-1

[Event "POL-ch (Women)"]
[Site "Sopot"]
[Date "1998.??.??"]
[Round "?"]
[White "Zielinska, Marta"]
[Black "Henc, Renata"]
[Result "1/2-1/2"]
[WhiteElo "2350"]
[BlackElo "2155"]

1.d4 Nf6 2.Nf3 e6 3.c4 b6 4.a3 c5 5.d5 Ba6 6.Qc2 exd5 7.cxd5 g6 8.Nc3 Bg7
9.e4 Bxf1 10.Kxf1 d6 11.h3 O-O 12.Bf4 Re8 13.Re1 a6 14.a4 Qd7 15.Kg1 b5 16.Kh2 b4
17.Nd1 Nh5 18.Bd2 Qe7 19.Bg5 Qf8 20.g4 Nf6 21.Nd2 Qe7 22.Kg2 Nbd7 23.f3 h6
24.Bh4 Ne5 25.Ne3 Qc7 26.b3 Nfd7 27.Bg3 Nb6 28.Nec4 Nexc4 29.Nxc4 Nxc4 30.Qxc4 Be5
31.Bxe5 Rxe5 32.Re2 a5 33.f4 Re7 34.Rhe1 Rae8 35.Kf3 f6 36.Qb5 g5 37.f5 Rc8
38.Qc4 Rh7 39.h4 gxh4 40.Rh1 h5 41.Rxh4  1/2-1/2

[Event "ROM-chT"]
[Site "Sovata"]
[Date "1998.??.??"]
[Round "1"]
[White "Gabriel, Christian"]
[Black "Marin, Mihail"]
[Result "1/2-1/2"]
[WhiteElo "2555"]
[BlackElo "2545"]

1.d4 Nf6 2.c4 e6 3.Nf3 b6 4.a3 c5 5.d5 Ba6 6.Qc2 exd5 7.cxd5 g6 8.Nc3 Bg7
9.g3 O-O 10.Bg2 d6 11.O-O Re8 12.Re1 Nbd7 13.h3 b5 14.Bf4 Nb6 15.e4 Qd7 16.g4 Rac8
17.Bg3 Bb7 18.Qb3 a6 19.Rad1 Nc4 20.Bf1 h5 21.g5 Nh7 22.h4 Ne5 23.Nh2 Rcd8
24.f4 Ng4 25.Nxg4 Qxg4 26.Kh2 Nxg5 27.fxg5 Be5 28.Ne2 Qxh4+ 29.Bh3 Qxg5 30.Qf3 Qf6
31.Qxf6 Bxf6 32.Nc3 Kg7 33.Re2 h4 34.Bf4 g5 35.Bc1 Be5+ 36.Kg2 f6 37.Kf3 Bc8
38.Bxc8 Rxc8 39.Kg4 Bd4 40.Rf1 Re5  1/2-1/2

[Event "Petrov mem"]
[Site "St Petersburg"]
[Date "1998.??.??"]
[Round "3"]
[White "Krasnov, Vasiliy G"]
[Black "Chepukaitis, Genrikh"]
[Result "0-1"]
[WhiteElo "2250"]
[BlackElo "2420"]

1.d4 Nf6 2.c4 e6 3.Nf3 b6 4.a3 Ba6 5.Nbd2 c5 6.dxc5 bxc5 7.g3 Nc6 8.Bg2 Be7
9.O-O O-O 10.Re1 Rb8 11.Qc2 d5 12.b3 d4 13.Ng5 Bb7 14.h4 h6 15.Nh3 e5 16.Bb2 Qd7
17.Qd3 Rfd8 18.Rab1 a5 19.Red1 Ng4 20.Nf1 f5 21.e4 f4 22.Bc1 Rf8 23.Bd2 Bc8
24.Nh2 Qd6 25.Be1 Qg6 26.Rd2 Be6 27.Kh1 Nf6 28.gxf4 Bxh3 29.Bxh3 exf4 30.Bf5 Qe8
31.f3 Bd8 32.Rg2 Ne5 33.Qd2 Nh5 34.Qe2 Kh8 35.Ng4 Nc6 36.Nh2 Ng3+ 37.Bxg3 fxg3
38.Nf1 Bxh4 39.Re1 Rxb3 40.Nxg3 Re3 41.Qf1 Rxe1 42.Qxe1 Rxf5 43.Qd1 Bxg3
44.exf5 Qh5+ 45.Kg1 Bf4 46.Kf2 Be3+ 47.Ke2 Ne5  0-1

[Event "Petrov mem"]
[Site "St Petersburg"]
[Date "1998.??.??"]
[Round "4"]
[White "Popov, Valerij"]
[Black "Kastanieda, Georgiy"]
[Result "0-1"]
[WhiteElo "2505"]
[BlackElo "2395"]

1.d4 e6 2.Nf3 Nf6 3.c4 b6 4.a3 c5 5.d5 Ba6 6.Qc2 exd5 7.cxd5 g6 8.g3 Bg7
9.Bg2 O-O 10.O-O d6 11.Nc3 Re8 12.Re1 Nbd7 13.e4 Ng4 14.Bg5 Qc7 15.Bf4 Nde5
16.Rad1 b5 17.h3 Nxf3+ 18.Bxf3 Ne5 19.Be2 c4 20.Kg2 Nd7 21.h4 Nc5 22.h5 Rab8
23.Bc1 Qc8 24.Rh1 b4 25.axb4 Rxb4 26.Bf4 Qd7 27.Ra1 Reb8 28.Ra2 Bc8 29.Be3 Qc7
30.Rha1 a6 31.hxg6 hxg6 32.Rd1 Bd7 33.f3 R8b7 34.Bf2 Qc8 35.Rb1 Nd3 36.Be3 Rxb2
37.Rbxb2 Ne1+ 38.Kf2 Nxc2 39.Rxc2 Rb3 40.Na4 Bxa4 41.Rxa4 Qh3 42.Bf4 Qh2+
43.Ke1 Bc3+  0-1

[Event "Petrov mem"]
[Site "St Petersburg"]
[Date "1998.??.??"]
[Round "5"]
[White "Rustemov, Alexander"]
[Black "Zagrebelny, Sergey"]
[Result "1/2-1/2"]
[WhiteElo "2575"]
[BlackElo "2485"]

1.Nf3 Nf6 2.c4 b6 3.d4 e6 4.a3 d5 5.cxd5 exd5 6.Nc3 Be7 7.Bf4 O-O 8.e3 c5
9.Ne5 Bb7 10.Bd3 Nc6 11.O-O cxd4 12.Nxc6 Bxc6 13.exd4 Qd7 14.Qf3 Rfe8 15.Rae1 Bd6
16.Bxd6 Qxd6 17.Qg3 Qxg3 18.hxg3 Rxe1 19.Rxe1 Kf8 20.f3 a5 21.Kf2 h6 22.g4 Re8
23.Rc1 Bd7 24.Bf5 Ke7 25.Bxd7 Kxd7 26.Nb5 Re7 27.Na7 Re6 28.Rc8 Re8 29.Rc3 Re6
30.a4 Ne8 31.Rc8 Nd6 32.Rg8 Ne8 33.Nb5 f6 34.Nc3 Ke7 35.f4 Kf7 36.Rh8 Rc6
37.Ke3 Rc4 38.Nxd5 Rxa4 39.Kd3 b5 40.f5 Ra1 41.Nf4 Ke7 42.Nd5+ Kd7 43.Nb6+ Kd8
44.d5 Ke7 45.Nc8+ Kd7 46.Nb6+  1/2-1/2